000 00298nam a2200109Ia 4500
008 260210s9999 xx 000 0 und d
020 _a9781864704686
100 _aDDG
245 4 _aThe Master Architect Series Revisited 2.0: Selected + Current Works (Price Price)
260 _bImages
942 _cPG
999 _c14027
_d14027